Normal view
MARC view
- رئيس التحريرالغرايبة، خليف مصطفى واخرون؛ التدقيق اللغوي علي الشطرات؛ التنسيق والاخراج الفني محمد الزعبي
Entry Personal Name
001 - CONTROL NUMBER
- control field: 61156
003 - CONTROL NUMBER IDENTIFIER
- control field: JO-AjAnu
005 - DATE AND TIME OF LATEST TRANSACTION
- control field: 20230606084007.0
008 - FIXED-LENGTH DATA ELEMENTS
- fixed length control field: 230606|| aca||aabn | a|a d
040 ## - CATALOGING SOURCE
- Original cataloging agency: JO-AjAnu
- Transcribing agency: JO-AjAnu
100 ## - HEADING--PERSONAL NAME
- Personal name: رئيس التحريرالغرايبة، خليف مصطفى واخرون؛ التدقيق اللغوي علي الشطرات؛ التنسيق والاخراج الفني محمد الزعبي
670 ## - SOURCE DATA FOUND
- Source citation: Work cat.: (JO-AjAnu)31193: رئيس التحريرالغرايبة، خليف مصطفى واخرون؛ التدقيق اللغوي علي الشطرات؛ التنسيق والاخراج الفني محمد الزعبي, author, موسوعة المعارف الاردنية: محافظة عجلون، السكان في محافظة عجلون( دراسة ديموغرافية انثروبولوجية)، ج3